000
00310nam a2200121Ia 4500
008
210430s9999 xx 000 0 und d
082
_a
541.369 P477 C
100
_a
Peters
245
_a
Concise Chemical Thermodynamics 3rd
_c
Peters
260
_a
London
_b
CRC Press
_c
2010
300
_a
214 p
942
_c
BK
_2
ddc
999
_c
564932
_d
564932